Loading...
| History - Other | 0 | 7 | 0 | 1 | 70 | 50 | 80.00 | 0 | 5 | 0.00 | 0.00 |
| History - European | 0 | 6 | 0 | 1 | 60 | 49 | 92.17 | 2 | 3 | 0.00 | 0.00 |
| History - World | 0 | 5 | 0 | 2 | 50 | 34 | 84.20 | 2 | 3 | 0.00 | 0.00 |
| Science - Biology | 0 | 5 | 1 | 0 | 45 | 76 | 103.00 | 1 | 1 | 0.00 | 0.00 |
| Literature - European | 0 | 4 | 0 | 1 | 40 | 51 | 109.00 | 1 | 1 | 0.00 | 0.00 |
| Religion | 0 | 4 | 0 | 1 | 40 | 61 | 75.00 | 1 | 3 | 0.00 | 0.00 |
| Fine Arts - Other | 0 | 4 | 0 | 1 | 40 | 85 | 111.25 | 0 | 1 | 0.00 | 0.00 |
| History - American | 0 | 4 | 1 | 2 | 35 | 54 | 85.50 | 1 | 2 | 0.00 | 0.00 |
| Other Academic | 0 | 3 | 0 | 0 | 30 | 37 | 74.00 | 2 | 3 | 0.00 | 0.00 |
| Literature - American | 0 | 3 | 0 | 0 | 30 | 61 | 88.67 | 0 | 2 | 0.00 | 0.00 |
| Literature - World/Other | 0 | 3 | 0 | 0 | 30 | 113 | 122.00 | 0 | 0 | 0.00 | 0.00 |
| Social Science | 0 | 2 | 0 | 0 | 20 | 56 | 70.50 | 1 | 2 | 0.00 | 0.00 |
| Literature - British | 0 | 2 | 0 | 0 | 20 | 75 | 104.50 | 0 | 1 | 0.00 | 0.00 |
| Science - Other | 0 | 2 | 0 | 0 | 20 | 88 | 98.00 | 0 | 1 | 0.00 | 0.00 |
| Fine Arts - Classical Music | 0 | 2 | 1 | 0 | 15 | 92 | 98.50 | 0 | 1 | 0.00 | 0.00 |
| Science - Physics | 0 | 1 | 0 | 0 | 10 | 102 | 102.00 | 0 | 0 | 0.00 | 0.00 |
| Geography/Current Events | 0 | 1 | 1 | 0 | 5 | 107 | 107.00 | 0 | 1 | 0.00 | 0.00 |
| Fine Arts - Visual | 0 | 1 | 1 | 0 | 5 | 82 | 82.00 | 0 | 1 | 0.00 | 0.00 |
| Science - Chemistry | 0 | 1 | 1 | 0 | 5 | 106 | 106.00 | 0 | 1 | 0.00 | 0.00 |
| Philosophy | 0 | 1 | 1 | 0 | 5 | 102 | 102.00 | 0 | 1 | 0.00 | 0.00 |